| 000 | 00777cam a2200133 4500500 | ||
|---|---|---|---|
| 005 | 20260329023209.0 | ||
| 041 | _afre | ||
| 042 | _adc | ||
| 100 | 1 | 0 |
_aLejeune, Dominique _eauthor |
| 245 | 0 | 0 | _aLa France de la Belle Époque : 1896-1914 |
| 260 |
_bArmand Colin,
_c2011. |
||
| 520 | _aCe livre offre un panorama complet de la France de la Belle Époque, sur les plans politique, social et culturel, de l'affaire Dreyfus à la guerre de 1914 en passant par le Bloc des gauches, la loi de Séparation de 1905 et les reclassements. A la faveur de cette 6e édition, cet ouvrage, devenu un classique depuis sa parution en 1994, est totalement refondu. | ||
| 856 | 4 | 1 | _uhttps://shs.cairn.info/la-france-de-la-belle-epoque--9782200248925?lang=fr&redirect-ssocas=7080 |
| 999 |
_c1925411 _d1925411 |
||